Catálogo público

Bromatología: composición y propiedades de los alimentos / (Record no. 169970)

MARC details
000 -CABECERA
campo de control de longitud fija 01063nam a2200325Ia 4500
001 - NÚMERO DE CONTROL
campo de control Z_6697
003 - IDENTIFICADOR DEL NÚMERO DE CONTROL
campo de control CHAP
008 - DATOS DE LONGITUD FIJA--INFORMACIÓN GENERAL
campo de control de longitud fija 220113s9999 xx 000 0 und d
010 ## - NÚMERO DE CONTROL DE LA BIBLIOTECA DEL CONGRESO
Número de control de LC 169970
020 ## - NÚMERO INTERNACIONAL ESTÁNDAR DEL LIBRO
Número Internacional Estándar del Libro 978-607-15-0379-4
040 ## - FUENTE DE LA CATALOGACIÓN
Centro/agencia transcriptor CHAP
082 ## - NÚMERO DE LA CLASIFICACIÓN DECIMAL DEWEY
Número de clasificación 613.2 B76
245 ## - MENCIÓN DE TÍTULO
Título Bromatología: composición y propiedades de los alimentos /
Mención de responsabilidad, etc. [editores] Eduardo Mendoza Martínez y María de la Concepción Calvo Carrillo
260 ## - PUBLICACIÓN, DISTRIBUCIÓN, ETC.
Lugar de publicación, distribución, etc. México :
Nombre del editor, distribuidor, etc. McGraw-Hill Interamericana,
Fecha de publicación, distribución, etc.
300 ## - DESCRIPCIÓN FÍSICA
Extensión xiv, 318 p.
440 ## - MENCIÓN DE SERIE/PUNTO DE ACCESO ADICIONAL--TÍTULO
Título McGraw-Hill educación
9 (RLIN) 145643
503 ## - NOTA DE HISTORIA BIBLIOGRÁFICA (BK CF MU) [OBSOLETO]
Nota de historia bibliográfica ej.1: C/E \ ej.2: C/E \ ej.3. C/E \ ej.4: C/E \ ej.5: C/E
504 ## - NOTA DE BIBLIOGRAFÍA, ETC.
Nota de bibliografía, etc. Incluye bibliografía al final de cada capítulo
650 #0 - PUNTO DE ACCESO ADICIONAL DE MATERIA--TÉRMINO DE MATERIA
Término de materia o nombre geográfico como elemento de entrada Alimentos
Subdivisión general Análisis
9 (RLIN) 139421
650 ## - PUNTO DE ACCESO ADICIONAL DE MATERIA--TÉRMINO DE MATERIA
Término de materia o nombre geográfico como elemento de entrada Alimentos
Subdivisión general
-- Composición
9 (RLIN) 139422
650 ## - PUNTO DE ACCESO ADICIONAL DE MATERIA--TÉRMINO DE MATERIA
Término de materia o nombre geográfico como elemento de entrada Nutrición
9 (RLIN) 82246
700 ## - PUNTO DE ACCESO ADICIONAL--NOMBRE DE PERSONA
Nombre de persona Calvo Carrillo, María de la Concepción, ed.
9 (RLIN) 145644
700 ## - PUNTO DE ACCESO ADICIONAL--NOMBRE DE PERSONA
Nombre de persona Mendoza Martínez, Eduardo, ed.
9 (RLIN) 145645
901 ## - ELEMENTOS DE DATOS A LOCAL LDA (RLIN)
a 613.2 B76
902 ## - ELEMENTOS DE DATOS B LOCAL, LDB (RLIN)
a M
910 ## - DATOS DE OPCIÓN DEL USUARIO (OCLC)
Datos de opción del usuario
942 ## - ELEMENTOS DE PUNTO DE ACCESO ADICIONAL (KOHA)
Tipo de ítem Koha Libro_
942 ## - ELEMENTOS DE PUNTO DE ACCESO ADICIONAL (KOHA)
Tipo de ítem Koha
Holdings
Estado de retiro Estado de pérdida Fuente del sistema de clasificación o colocación Estado dañado No para préstamo Código de colección Localización permanente Ubicación/localización actual Ubicación en estantería Fecha de adquisición Código de barras Fecha visto por última vez Número de copia Precio válido a partir de Tipo de ítem Koha Total de préstamos Fecha del último préstamo
    Dewey Decimal Classification     General Zootecnia Zootecnia   30/08/2016 z_6652 18/01/2022 1 18/01/2022 Libro    
    Dewey Decimal Classification     General Zootecnia Zootecnia   30/08/2016 z_6653 18/01/2022 2 18/01/2022 Libro    
    Dewey Decimal Classification     General Zootecnia Zootecnia   30/08/2016 z_6654 07/07/2023 3 18/01/2022 Libro 1 07/07/2023
    Dewey Decimal Classification     General Zootecnia Zootecnia   30/08/2016 z_6655 28/10/2022 4 18/01/2022 Libro 1 28/10/2022
    Dewey Decimal Classification     General Zootecnia Zootecnia   30/08/2016 z_6656 18/01/2022 5 18/01/2022 Libro